000 00757nam a2200229 i 4500
001 bgj
245 0 0 _aFrom Blake to Byron
_nVol. 5 /
_cedited by Boris Ford.
260 _aLondon :
_bPenguin Books,
_c1990.
300 _a440, [1] pp ;
_c20 cm.
490 1 _aThe New Pelican Guide to English Literature ;
_vvol. 5
505 _aIncludes index and bibliographical references.
650 9 _aEnglish literature
_xHistory and crititcism
_y19th century
700 1 _aFORD, Boris.
_eed.
830 _aThe New Pelican Guide to English Literature
830 _aThe New Pelican Guide to English Literature ;
020 _a0140138110
040 _cBPK
041 0 _aeng
920 _a0-14-013811-0
942 _cKS
008 s uk f |000 0 eng
999 _c48437
_d48437
856 _uhttp://koha.tu.koszalin.pl/cgi-bin/koha/opac-detail.pl?biblionumber=48437
_yKatalog online BPK